Ghibli movies - Statistics

General Stats
  • This quiz has been taken 151 times
  • The average score is 19 of 24
Answers on the Grid
Answers color-coded by a green-red scale on the quiz's grid according to % correct below.
My neighbour Totoro
The red turtle
Spirited away
Princess Mononoke
Silent voice
The boy and the heron
My neighbour the Yamaha's
The tale of the Princess Kaguya
Whisper of the Heart
The girl who leapt through time
Only Yesterday
Your name
Tales of Earthsea
Grave of the fireflies
Kiki's delivery service
Redline
Howl's moving castle
The secret world of Aridity
Pom Poko
I want to eat your pancreas
The wind rises
Nausicaä of the valley of the Wind
From up on Poppy Hill
Porco Rosso
Ponyo
When Marnie was there
Castle in the sky
Night on the galactic railroad
The Cat Returns
Ocean Waves
 
Answer Stats
Answer % Correct
My neighbour Totoro
88%
Ponyo
88%
Castle in the sky
87%
Spirited away
87%
Princess Mononoke
86%
The boy and the heron
86%
Howl's moving castle
85%
Kiki's delivery service
85%
Nausicaä of the valley of the Wind
82%
Porco Rosso
82%
Grave of the fireflies
79%
The wind rises
79%
Pom Poko
77%
Tales of Earthsea
77%
The tale of the Princess Kaguya
76%
When Marnie was there
74%
From up on Poppy Hill
73%
The secret world of Aridity
72%
The Cat Returns
71%
Whisper of the Heart
70%
My neighbour the Yamaha's
67%
Ocean Waves
66%
The red turtle
61%
Only Yesterday
55%
No matching quizzes found
Score Distribution
Percent of People with Each Score
Percentile by Number Answered
Your Score History
You have not taken this quiz